000 02421cam a2200385 4500500
005 20260329004329.0
041 _afre
042 _adc
100 1 0 _aSchäfer, Christina
_eauthor
245 0 0 _aLa possession dans l’Évangile de Marc comme narration créative du péché chez Paul
260 _c2022.
500 _a55
520 _aLa thèse entend montrer comment l’Évangile de Marc propose une mise en récit de l’anthropologie paulinienne. Les figures de possession démoniaque poursuivent l’analyse de l’aliénation entreprise par Paul à l’aide du concept de péché. Paul décrypte le conflit malheureux du sujet humain avec sa propre finitude : plutôt que de reconnaître la grâce de la transcendance qui le fait vivre, il s’emprisonne dans la tentative désespérée de s’imaginer lui-même comme origine transcendante. À sa suite, l’Évangile de Marc met en scène la voie d’une libération de la situation d’addiction qui en découle par une transformation originale de la compréhension de la possession démoniaque.
520 _aThe thesis shows that Mark’s Gospel offers a narrative of Pauline anthropology. The figures of demonic possession continue Paul’s analysis of alienation with the concept of sin. Paul deciphers the wretched conflict of the human subject with his own finitude : rather than recognising the grace of the transcendence that gives him life, he imprisons himself in the desperate attempt to imagine himself as a transcendent origin. Mark’s gospel then stages the way for a liberation from the ensuing addictive situation through an original transformation of the understanding of demonic possession.
690 _aaddiction
690 _aanthropologie
690 _aÉpître aux Romains
690 _aÉvangile selon Marc
690 _aliberté
690 _aMarc 5
690 _apéché
690 _apossession démoniaque
690 _aRomains 7
690 _aaddiction
690 _aanthropology
690 _ademonic possession
690 _aEpistle to the Romans
690 _afreedom
690 _aGospel of Mark
690 _aMark 5
690 _aRomans 7
690 _asin
786 0 _nÉtudes théologiques et religieuses | 97 | 3 | 2022-09-20 | p. 369-377 | 0014-2239
856 4 1 _uhttps://shs.cairn.info/revue-etudes-theologiques-et-religieuses-2022-3-page-369?lang=fr&redirect-ssocas=7080
999 _c1832874
_d1832874